Kanzul Haqaiq (Record no. 139)

MARC details
000 -LEADER
fixed length control field 00644nam a2200241 a 4500
020 ## - INTERNATIONAL STANDARD BOOK NUMBER
ISBN
082 00 - DEWEY DECIMAL CLASSIFICATION NUMBER
Classification number 891.51
Author Cutter SHA1
100 ## - MAIN ENTRY--AUTHOR NAME
Author name Shabistri, Sk Mahmud
245 ## - TITLE STATEMENT
Title Kanzul Haqaiq
260 ## - PUBLICATION, DISTRIBUTION, ETC. (IMPRINT)
Place of publication Delhi
Name of publisher Intercultural Publications
Year of publication 1934
300 ## - PHYSICAL DESCRIPTION
Number of Pages 146p
500 ## - GENERAL NOTE
General note includes index and biblioraphy
505 2# - FORMATTED CONTENTS NOTE
Formatted contents note Aramaic Approach to the Four Gospels By Archdeacon Barkat Ullah
650 ## - SUBJECT ADDED ENTRY--TOPICAL TERM
Topical Term Persian Poetry-Shabistry
942 ## - ADDED ENTRY ELEMENTS (KOHA)
Koha item type Books
700 1# -
-- Shabistri, Sk Mahmud
Holdings
Collection code Home library Current library Date acquired Cost, normal purchase price Full call number Accession Number Koha item type
  Henry Martyn Institute Library Henry Martyn Institute Library 06/01/2007 100.00 891.51 SHA1 04680 Books
                   Copyright © 2026 | Henry Martyn Institute | Hyderabad | TS-500052 | INDIA | Implemented by hmi.edu.in
Hit-Count:

Powered by Koha